Svetové ceny potravín a reforma poľnohospodárstva diplomová práca

Saved in:
Bibliographic Details
Main Author: Drotárová, Andrea
Corporate Author: Obchodná fakulta EU. Katedra medzinárodného obchodu
Other Authors: Zubaľová, Ľubica, 1969-
Format: Book
Language:Slovak
Published: Bratislava 2012
Tags: Add Tag
No Tags, Be the first to tag this record!

MARC

LEADER 00000nbm a2200000 4500
001 0157880
005 20170523122328.5
041 0 |a slo 
044 |a SK 
245 1 0 |a Svetové ceny potravín a reforma poľnohospodárstva  |b diplomová práca  |c Andrea Drotárová ; školiteľ: Ľubica Zubaľová 
264 1 |a Bratislava  |c 2012 
300 |a 98 s. 
100 1 |a Drotárová, Andrea 
700 1 |a Zubaľová, Ľubica, 1969- 
710 2 |a Obchodná fakulta EU. Katedra medzinárodného obchodu